[Event "Buenos Aires Vicente Lopez 24th"]
[Site "Buenos Aires"]
[Date "2022.11.06"]
[Round "7"]
[White "Unhold, Valentin"]
[Black "Ocantos, Manuel"]
[Result "1/2-1/2"]
[WhiteElo "2031"]
[BlackElo "2177"]
[PlyCount "80"]
[EventDate "2022.10.31"]
[EventType "tourn"]
[EventRounds "9"]
[EventCountry "ARG"]
[SourceTitle "CBM 211 Extra"]
[Source "ChessBase"]
[SourceDate "2023.01.31"]
[SourceVersion "1"]
[SourceVersionDate "2023.01.31"]
[SourceQuality "1"]

1. c4 Nf6 2. Nf3 g6 3. Nc3 Bg7 4. e4 d6 5. d4 0-0 6. Be2 e5 7. d5 Nbd7 8. Be3 Ng4 9. Bg5 f6 10. Bd2 f5 11. Ng5 Ndf6 12. h3 Nh6 13. Qc1 fxe4 14. Ne6 Bxe6 15. Bxh6 Bd7 16. Bg5 c6 17. Bxf6 Qxf6 18. Qe3 cxd5 19. Nxd5 Qh4 20. g3 Qd8 21. Nc3 Bc6 22. 0-0 Qb6 23. Qxb6 axb6 24. Nd1 Bh6 25. Ne3 Rf7 26. Kg2 Raf8 27. Rad1 Bxe3 28. fxe3 Rxf1 29. Rxf1 Rxf1 30. Kxf1 Bd7 31. Kg2 Kf7 32. Bf1 Ke7 33. Kf2 g5 34. Ke1 d5 35. cxd5 Kd6 36. Kd2 Kxd5 37. g4 h6 38. Be2 Be8 39. Kc3 Kc5 40. b3 Bd7 1/2-1/2

[Event "Buenos Aires Vicente Lopez 24th"]
[Site "Buenos Aires"]
[Date "2022.11.04"]
[Round "5"]
[White "Ocantos, Manuel"]
[Black "Acosta, Pablo Ismael"]
[Result "0-1"]
[WhiteElo "2177"]
[BlackElo "2461"]
[PlyCount "84"]
[EventDate "2022.10.31"]
[EventType "tourn"]
[EventRounds "9"]
[EventCountry "ARG"]
[SourceTitle "CBM 211 Extra"]
[Source "ChessBase"]
[SourceDate "2023.01.31"]
[SourceVersion "1"]
[SourceVersionDate "2023.01.31"]
[SourceQuality "1"]

1. e4 c5 2. Nf3 e6 3. d4 cxd4 4. Nxd4 a6 5. Nc3 Qc7 6. Bd3 Nc6 7. Nxc6 bxc6 8. 0-0 Nf6 9. f4 Bc5+ 10. Kh1 d5 11. e5 Nd7 12. Qh5 g6 13. Qh6 Bf8 14. Qh3 Bg7 15. Bd2 0-0 16. Rae1 Bb7 17. g4 c5 18. b3 f6 19. f5 Nxe5 20. Bf4 exf5 21. gxf5 Qd7 22. Na4 Nxd3 23. cxd3 d4+ 24. Kg1 Bc8 25. Nb6 Qxf5 26. Qg2 Qg4 27. Nxa8 Qxg2+ 28. Kxg2 Bb7+ 29. Kg3 Rxa8 30. Bd6 a5 31. Bxc5 f5 32. Re7 Ba6 33. Rd7 Bb5 34. Rb7 Bxd3 35. Rc1 Be5+ 36. Kh3 Be4 37. Re7 Bf6 38. Re6 Bg5 39. Rg1 Be3 40. Re1 Rc8 41. Rxe3 dxe3 42. Bxe3 Rc3 0-1

[Event "ARG-chT"]
[Site "Villa Martelli"]
[Date "2022.08.27"]
[Round "3.8"]
[White "Ocantos, Manuel"]
[Black "Galarce, Ruben"]
[Result "1-0"]
[WhiteElo "2216"]
[BlackElo "1976"]
[PlyCount "105"]
[EventDate "2022.08.26"]
[EventType "team-swiss"]
[EventRounds "8"]
[EventCountry "ARG"]
[SourceTitle "EXT 2023"]
[Source "ChessBase"]
[SourceDate "2022.10.05"]
[SourceVersion "1"]
[SourceVersionDate "2022.10.05"]
[SourceQuality "1"]
[WhiteTeam "Ajedrez del Sur"]
[BlackTeam "Torre Blanca"]
[WhiteTeamCountry "ARG"]
[BlackTeamCountry "ARG"]

1. e4 c5 2. Nf3 a6 3. Nc3 Nc6 4. d4 cxd4 5. Nxd4 e5 6. Nf5 Nf6 7. Bg5 d6 8. Ne3 Be7 9. Bxf6 Bxf6 10. Bc4 0-0 11. 0-0 Be6 12. Ncd5 Bg5 13. c3 Ne7 14. Qd3 Rc8 15. Rfd1 Kh8 16. g3 Nxd5 17. Bxd5 Bxe3 18. Qxe3 Qe7 19. Rd2 Bxd5 20. Rxd5 f5 21. Rad1 f4 22. Qd3 Qe6 23. a4 f3 24. a5 Qh3 25. Qf1 Qg4 26. Re1 Rf6 27. h3 Qg6 28. Re3 h5 29. Qd1 Rcf8 30. Rdd3 h4 31. g4 Rd8 32. Rxf3 Qxe4 33. Rxf6 gxf6 34. Rxd6 Rxd6 35. Qxd6 Qf3 36. Qf8+ Kh7 37. Qf7+ Kh6 38. Qh5+ Kg7 39. Qxh4 Qd1+ 40. Kh2 Qc1 41. Qg3 Qxb2 42. Qf3 Qb5 43. h4 Qxa5 44. Qxb7+ Kh6 45. Qc6 Kg7 46. Kg2 e4 47. Qxe4 Qb5 48. Qe7+ Kg6 49. Qe4+ Kg7 50. h5 Qg5 51. Kh3 a5 52. f4 f5 53. Qb7+ 1-0

[Event "Villa Martelli ProAm op 28th"]
[Site "Villa Martelli"]
[Date "2021.11.06"]
[Round "4"]
[White "Tristan, Leonardo"]
[Black "Ocantos, Manuel"]
[Result "1-0"]
[WhiteElo "2535"]
[BlackElo "2234"]
[PlyCount "39"]
[EventDate "2021.11.04"]
[EventType "swiss"]
[EventRounds "7"]
[EventCountry "ARG"]
[SourceTitle "CBM 205 Extra"]
[Source "ChessBase"]
[SourceDate "2022.01.31"]
[SourceVersion "1"]
[SourceVersionDate "2022.01.31"]
[SourceQuality "1"]

1. e4 c5 2. Nc3 e6 3. f4 a6 4. Nf3 Nc6 5. Be2 d6 6. 0-0 Nf6 7. d3 Be7 8. Qe1 Qc7 9. Qg3 g6 10. f5 gxf5 11. exf5 Bd7 12. Bg5 Rg8 13. Qh4 Rxg5 14. Nxg5 exf5 15. Nxh7 Nxh7 16. Qxh7 Nd4 17. Nd5 Nxe2+ 18. Kh1 Qc6 19. Nxe7 Kxe7 20. Rae1 1-0

[Event "Villa Martelli Verdad y Justicia"]
[Site "Villa Martelli"]
[Date "2021.03.30"]
[Round "5"]
[White "Ocantos, Manuel"]
[Black "Borda Rodas, Anapaola S"]
[Result "1-0"]
[WhiteElo "2236"]
[BlackElo "2138"]
[PlyCount "31"]
[EventDate "2021.03.26"]
[EventType "tourn"]
[EventRounds "9"]
[EventCountry "ARG"]
[EventCategory "3"]
[SourceTitle "EXT 2022"]
[Source "ChessBase"]
[SourceDate "2021.10.06"]
[SourceVersion "1"]
[SourceVersionDate "2021.10.06"]
[SourceQuality "1"]

1. e4 e5 2. Nf3 Nc6 3. d4 exd4 4. Nxd4 Bc5 5. Be3 Qf6 6. c3 Nge7 7. Bc4 Ne5 8. Be2 Qg6 9. 0-0 d6 10. f3 0-0 11. Kh1 Kh8 12. h3 d5 13. Nd2 dxe4 14. fxe4 Bd7 15. Bf4 Qf6 16. Bh2 1-0

[Event "Villa Martelli Verdad y Justicia"]
[Site "Villa Martelli"]
[Date "2021.03.28"]
[Round "3"]
[White "Ocantos, Manuel"]
[Black "Romero Barreto, Jaime Jose"]
[Result "0-1"]
[WhiteElo "2236"]
[BlackElo "2351"]
[PlyCount "84"]
[EventDate "2021.03.26"]
[EventType "tourn"]
[EventRounds "9"]
[EventCountry "ARG"]
[EventCategory "3"]
[SourceTitle "EXT 2022"]
[Source "ChessBase"]
[SourceDate "2021.10.06"]
[SourceVersion "1"]
[SourceVersionDate "2021.10.06"]
[SourceQuality "1"]

1. e4 d6 2. d4 Nf6 3. Nc3 e5 4. Nf3 exd4 5. Nxd4 Be7 6. Be2 0-0 7. 0-0 Nc6 8. Be3 Re8 9. Qd2 Ng4 10. Bxg4 Bxg4 11. f3 Nxd4 12. Bxd4 Be6 13. f4 f6 14. f5 Bf7 15. Nd5 c6 16. Nxe7+ Rxe7 17. Rf4 d5 18. Bxf6 gxf6 19. Rg4+ Kf8 20. Qh6+ Ke8 21. Qxf6 Rxe4 22. Rxe4+ dxe4 23. Qh8+ Ke7 24. f6+ Ke6 25. Qxh7 Qd4+ 26. Kh1 Rg8 27. Rf1 Qd5 28. Qh3+ Kd6 29. c4 Qd3 30. Qf5 Bxc4 31. f7 Rf8 32. Qf4+ Kd7 33. Rg1 Rxf7 34. Qg4+ Be6 35. Qg6 Qd4 36. Qh5 Bd5 37. Rd1 Qf6 38. h3 Qf5 39. Qh6 Qf4 40. Qh5 e3 41. b4 Qf5 42. Qh4 Rh7 0-1

[Event "Villa Martelli Verdad y Justicia"]
[Site "Villa Martelli"]
[Date "2021.03.27"]
[Round "2"]
[White "Spata, German"]
[Black "Ocantos, Manuel"]
[Result "1-0"]
[WhiteElo "2257"]
[BlackElo "2236"]
[PlyCount "80"]
[EventDate "2021.03.26"]
[EventType "tourn"]
[EventRounds "9"]
[EventCountry "ARG"]
[EventCategory "3"]
[SourceTitle "EXT 2022"]
[Source "ChessBase"]
[SourceDate "2021.10.06"]
[SourceVersion "1"]
[SourceVersionDate "2021.10.06"]
[SourceQuality "1"]

1. d4 f5 2. Nc3 d5 3. Bf4 c6 4. e3 Nf6 5. Nf3 g6 6. Be2 Bg7 7. 0-0 0-0 8. h3 Be6 9. Ng5 Bd7 10. Na4 Ne4 11. Nxe4 fxe4 12. c4 b6 13. cxd5 cxd5 14. Rc1 Nc6 15. Bg3 Kh8 16. Nc3 e6 17. Bg4 Nb4 18. Be2 a6 19. Bd6 Nc6 20. b4 Rf5 21. b5 axb5 22. Bxb5 Na5 23. Bg3 Bxb5 24. Nxb5 Nc4 25. Nc7 Rxa2 26. Nxe6 Qd7 27. Nxg7 Kxg7 28. Ra1 Qa7 29. Rxa2 Qxa2 30. Qg4 Qa7 31. Qh4 g5 32. Qg4 Kg6 33. Rb1 h5 34. Qd1 h4 35. Be5 Qa2 36. Qe1 Rxf2 37. Qxf2 Qxb1+ 38. Kh2 Nxe5 39. dxe5 Qd3 40. Qf6+ Kh7 1-0

[Event "Buenos Aires Borges Memorial"]
[Site "Buenos Aires"]
[Date "2020.03.14"]
[Round "9"]
[White "Ocantos, Manuel"]
[Black "Chiarot, Cesar"]
[Result "1-0"]
[WhiteElo "2244"]
[BlackElo "2244"]
[PlyCount "121"]
[EventDate "2020.03.06"]
[EventType "tourn"]
[EventRounds "9"]
[EventCountry "ARG"]
[SourceTitle "CBM 195 Extra"]
[Source "ChessBase"]
[SourceDate "2020.05.31"]
[SourceVersion "1"]
[SourceVersionDate "2020.05.31"]
[SourceQuality "1"]

1. d4 Nf6 2. Nf3 g6 3. g3 Bg7 4. Bg2 0-0 5. 0-0 d6 6. b3 Nc6 7. Bb2 e5 8. d5 Ne7 9. c4 Nd7 10. Nbd2 h6 11. e4 f5 12. Ne1 f4 13. Bh3 Nc5 14. Bxc8 Rxc8 15. b4 Nd7 16. g4 f3 17. Nexf3 g5 18. Ne1 Ng6 19. Ng2 Nf4 20. Nxf4 Rxf4 21. Rc1 Nf8 22. c5 Ng6 23. f3 Bf8 24. Nc4 Rf7 25. Ne3 c6 26. dxc6 bxc6 27. Qc2 dxc5 28. bxc5 Rb8 29. Nf5 Rb5 30. a4 Rb4 31. Kh1 Kh7 32. Rfd1 Qf6 33. Ba3 Rb8 34. Rb1 Rxb1 35. Qxb1 Qe6 36. Rd8 Nf4 37. Bc1 Be7 38. Rb8 Qc4 39. Bxf4 Qe2 40. Rb3 gxf4 41. Qd3 Qe1+ 42. Kg2 Bxc5 43. Kh3 Qf2 44. Rb1 h5 45. g5 Kg6 46. Rf1 Qa2 47. Qd8 Bf8 48. Nh4+ Kg7 49. g6 Qe6+ 50. Nf5+ Rxf5 51. exf5 Qxf5+ 52. Kg2 Qxg6+ 53. Kh1 Bc5 54. Qc7+ Kh6 55. Qxe5 Be3 56. Rd1 Qf7 57. Rd6+ Kh7 58. Rxc6 Bb6 59. Rc8 Qb3 60. Qe7+ Kg6 61. Rc6+ 1-0

[Event "Buenos Aires Borges Memorial"]
[Site "Buenos Aires"]
[Date "2020.03.12"]
[Round "7"]
[White "Ocantos, Manuel"]
[Black "Cuevas, Alex"]
[Result "0-1"]
[WhiteElo "2244"]
[BlackElo "2260"]
[PlyCount "58"]
[EventDate "2020.03.06"]
[EventType "tourn"]
[EventRounds "9"]
[EventCountry "ARG"]
[SourceTitle "CBM 195 Extra"]
[Source "ChessBase"]
[SourceDate "2020.05.31"]
[SourceVersion "1"]
[SourceVersionDate "2020.05.31"]
[SourceQuality "1"]

1. c4 d6 2. g3 g6 3. Bg2 Bg7 4. Nc3 c5 5. e4 Nc6 6. Nge2 e6 7. 0-0 Nge7 8. d3 0-0 9. Be3 b6 10. d4 e5 11. dxc5 dxc5 12. f4 Bg4 13. f5 Qxd1 14. Raxd1 Nd4 15. Rd2 gxf5 16. h3 Bxe2 17. Nxe2 Rac8 18. Nc3 fxe4 19. Bxe4 f5 20. Nd5 Nxd5 21. Bxd5+ Kh8 22. Bxd4 cxd4 23. Be6 Rce8 24. Bxf5 e4 25. Re2 Rxf5 26. Rxf5 d3 27. Re1 d2 28. Rd1 e3 29. Rd5 Bh6 0-1

[Event "Buenos Aires Borges Memorial"]
[Site "Buenos Aires"]
[Date "2020.03.11"]
[Round "6"]
[White "Perez Candelas, Andres Eloy"]
[Black "Ocantos, Manuel"]
[Result "1/2-1/2"]
[WhiteElo "2261"]
[BlackElo "2244"]
[PlyCount "117"]
[EventDate "2020.03.06"]
[EventType "tourn"]
[EventRounds "9"]
[EventCountry "ARG"]
[SourceTitle "CBM 195 Extra"]
[Source "ChessBase"]
[SourceDate "2020.05.31"]
[SourceVersion "1"]
[SourceVersionDate "2020.05.31"]
[SourceQuality "1"]

1. e4 b6 2. d4 Bb7 3. f3 e6 4. Be3 f5 5. exf5 exf5 6. Bd3 g6 7. h4 Bg7 8. Ne2 Qe7 9. Qd2 Nc6 10. c3 Nf6 11. Na3 0-0-0 12. 0-0-0 Rde8 13. Nc2 Nd5 14. Bg5 Qf8 15. Nf4 Nxf4 16. Bxf4 Nd8 17. d5 Nf7 18. Bc4 Qc5 19. Bb3 Nd6 20. Be3 Nc4 21. Bxc5 Nxd2 22. Be3 Nxb3+ 23. axb3 c6 24. Bd4 Bh6+ 25. Kb1 Rhg8 26. Rde1 c5 27. Be3 f4 28. Bc1 Bxd5 29. b4 Re6 30. bxc5 bxc5 31. Rd1 Bb3 32. Rd2 Rge8 33. Na1 Bc4 34. Rhd1 R8e7 35. b3 Be2 36. Rh1 c4 37. Ba3 Bd3+ 38. Kc1 Ra6 39. Kb2 Ree6 40. b4 Bg7 41. Rc1 Re3 42. Nc2 Bxc2 43. Rcxc2 Rae6 44. Rd5 Rd3 45. Rc5+ Rc6 46. Ra5 a6 47. b5 axb5 48. Rxb5 d5 49. Bc5 Be5 50. Bb4 Rc7 51. Re2 Bf6 52. Re6 Bg7 53. Ba5 Re3 54. Ra6 d4 55. cxd4 c3+ 56. Kc1 Re1+ 57. Kc2 Re2+ 58. Kc1 Re1+ 59. Kc2 1/2-1/2

[Event "Santiago del Estero"]
[Site "Santiago del Estero"]
[Date "2019.10.10"]
[Round "1"]
[White "Ocantos, Manuel"]
[Black "Saldano Dayer, Horacio"]
[Result "1/2-1/2"]
[WhiteElo "2238"]
[BlackElo "2404"]
[PlyCount "38"]
[EventDate "2019.10.10"]
[EventType "tourn"]
[EventRounds "9"]
[EventCountry "ARG"]
[EventCategory "3"]
[SourceTitle "CBM 192 Extra"]
[Source "Chessbase"]
[SourceDate "2019.11.06"]
[SourceVersion "1"]
[SourceVersionDate "2019.11.06"]
[SourceQuality "1"]

1. e4 e5 2. Nf3 Nc6 3. Bb5 a6 4. Ba4 Nf6 5. 0-0 Be7 6. Re1 b5 7. Bb3 d6 8. c3 0-0 9. h3 Na5 10. Bc2 c5 11. d4 Nc6 12. dxc5 dxc5 13. Qe2 Qc7 14. Nbd2 Nh5 15. Nf1 Nf4 16. Bxf4 exf4 17. e5 Bb7 18. Qe4 g6 19. Qxf4 f6 1/2-1/2

[Event "La Cumbre Rusnak Memorial op"]
[Site "La Cumbre"]
[Date "2019.09.13"]
[Round "1.6"]
[White "Ocantos, Manuel"]
[Black "Palacios, Luis Alberto"]
[Result "1-0"]
[WhiteElo "2239"]
[BlackElo "1736"]
[PlyCount "91"]
[EventDate "2019.09.13"]
[EventType "swiss"]
[EventRounds "6"]
[EventCountry "ARG"]
[SourceTitle "EXT 2024"]
[Source "ChessBase"]
[SourceDate "2023.10.10"]
[SourceVersion "1"]
[SourceVersionDate "2023.10.10"]
[SourceQuality "1"]

1. e4 e6 2. d4 d5 3. Nd2 Nf6 4. e5 Nfd7 5. Bd3 c5 6. c3 Nc6 7. Ne2 Qb6 8. Nf3 c4 9. Bc2 Be7 10. 0-0 Nf8 11. Ne1 Bd7 12. f4 g6 13. g3 0-0-0 14. Kg2 h5 15. h3 Nh7 16. Nf3 Rdf8 17. b3 Na5 18. Rb1 Qd8 19. Be3 Be8 20. Nd2 f5 21. h4 Bxh4 22. gxh4 Qxh4 23. Rf3 Rf7 24. Rg3 Nf8 25. Nf3 Qe7 26. Ng5 Rg7 27. Bf2 Nh7 28. Qd2 Nxg5 29. Rxg5 h4 30. Rh1 Rgh7 31. Rh3 Qa3 32. b4 Nc6 33. Bd1 Ne7 34. Ng1 Ba4 35. Bxa4 Qxa4 36. Nf3 Qe8 37. Bxh4 Ng8 38. Rgg3 Rh5 39. Bg5 Rxh3 40. Rxh3 Rxh3 41. Kxh3 Qd7 42. Kg3 b5 43. Qh2 Kb7 44. Qh8 Qf7 45. Bf6 a5 46. a3 1-0

[Event "La Cumbre"]
[Site "La Cumbre"]
[Date "2019.09.12"]
[Round "7"]
[White "Ocantos, Manuel"]
[Black "Belmonte, Diego Mariano"]
[Result "1/2-1/2"]
[WhiteElo "2239"]
[BlackElo "2281"]
[PlyCount "72"]
[EventDate "2019.09.09"]
[EventType "tourn"]
[EventRounds "9"]
[EventCountry "ARG"]
[EventCategory "1"]
[SourceTitle "EXT 2020"]
[Source "ChessBase"]
[SourceDate "2019.10.17"]
[SourceVersion "1"]
[SourceVersionDate "2019.10.17"]
[SourceQuality "1"]

1. d4 e6 2. Nf3 f5 3. g3 Nf6 4. Bg2 g6 5. 0-0 Bg7 6. c4 0-0 7. Nc3 d5 8. cxd5 exd5 9. Bf4 c6 10. Qc1 Re8 11. Ne5 Ng4 12. Nxg4 fxg4 13. e4 dxe4 14. Nxe4 Qxd4 15. Nd6 Rf8 16. Re1 Na6 17. Re4 Qc5 18. Qd1 Nc7 19. Rc1 Qd5 20. Qe1 Qxa2 21. Nc4 Nd5 22. Be5 Bh6 23. Ra1 Qb3 24. Bd6 Bf5 25. Bxf8 Rxf8 26. Rd4 Bg7 27. Rxd5 cxd5 28. Bxd5+ Kh8 29. Rxa7 Qd3 30. Ne3 Re8 31. Bxb7 Bxb2 32. Ra8 Rxa8 33. Bxa8 Bc3 34. Qf1 Qd8 35. Bd5 Bd4 36. Qc4 Bf6 1/2-1/2

[Event "La Cumbre"]
[Site "La Cumbre"]
[Date "2019.09.11"]
[Round "5"]
[White "Ocantos, Manuel"]
[Black "Claverie, Raul Ricardo"]
[Result "1/2-1/2"]
[WhiteElo "2239"]
[BlackElo "2466"]
[PlyCount "40"]
[EventDate "2019.09.09"]
[EventType "tourn"]
[EventRounds "9"]
[EventCountry "ARG"]
[EventCategory "1"]
[SourceTitle "EXT 2020"]
[Source "ChessBase"]
[SourceDate "2019.10.17"]
[SourceVersion "1"]
[SourceVersionDate "2019.10.17"]
[SourceQuality "1"]

1. e4 b6 2. d4 Bb7 3. Bd3 e6 4. Nf3 d6 5. 0-0 Nd7 6. Re1 g6 7. c3 Bg7 8. a4 a6 9. b4 Ne7 10. Nbd2 0-0 11. Rb1 a5 12. b5 e5 13. Qb3 h6 14. Ba3 Kh7 15. Nc4 f6 16. Rbd1 Rh8 17. Bf1 Qg8 18. Qb1 Bc8 19. Ne3 Nf8 20. Bc4 Be6 1/2-1/2

[Event "La Cumbre"]
[Site "La Cumbre"]
[Date "2019.09.10"]
[Round "3"]
[White "Ocantos, Manuel"]
[Black "Lammers, Anton"]
[Result "1-0"]
[WhiteElo "2239"]
[BlackElo "1904"]
[PlyCount "69"]
[EventDate "2019.09.09"]
[EventType "tourn"]
[EventRounds "9"]
[EventCountry "ARG"]
[EventCategory "1"]
[SourceTitle "EXT 2020"]
[Source "ChessBase"]
[SourceDate "2019.10.17"]
[SourceVersion "1"]
[SourceVersionDate "2019.10.17"]
[SourceQuality "1"]

1. e4 c5 2. Nf3 d6 3. d4 cxd4 4. Nxd4 Nf6 5. Nc3 a6 6. Be2 Nbd7 7. 0-0 e6 8. Be3 Qc7 9. a4 b6 10. Qd2 Be7 11. Rfd1 Bb7 12. f3 0-0 13. Bf1 Rfd8 14. Qf2 d5 15. exd5 Bxd5 16. Kh1 Bd6 17. Ndb5 axb5 18. Nxb5 Qb8 19. Nxd6 Qxd6 20. c4 Qb4 21. cxd5 Nxd5 22. Rd4 Qe7 23. Bb5 Nxe3 24. Qxe3 Nf6 25. Rad1 h6 26. Qd2 Nd5 27. Bc6 Ra5 28. b4 Ra7 29. Qb2 Qc7 30. b5 Qe5 31. Qd2 g5 32. h4 Kg7 33. Bxd5 Rad7 34. Re4 Qxd5 35. Qb2+ 1-0

[Event "Buenos Aires Vicente Lopez 23rd"]
[Site "Buenos Aires"]
[Date "2019.08.21"]
[Round "7"]
[White "Ocantos, Manuel"]
[Black "Bertorello, Juan Manuel"]
[Result "0-1"]
[WhiteElo "2231"]
[BlackElo "2320"]
[PlyCount "98"]
[EventDate "2019.08.14"]
[EventType "tourn"]
[EventRounds "9"]
[EventCountry "ARG"]
[EventCategory "2"]
[SourceTitle "EXT 2020"]
[Source "ChessBase"]
[SourceDate "2019.10.17"]
[SourceVersion "1"]
[SourceVersionDate "2019.10.17"]
[SourceQuality "1"]

1. e4 c5 2. Nf3 Nc6 3. d4 cxd4 4. Nxd4 Nf6 5. Nc3 e6 6. Be2 d6 7. 0-0 Be7 8. Be3 0-0 9. Qe1 Bd7 10. Rd1 Qc7 11. Ndb5 Qb8 12. Qd2 Rd8 13. Nxd6 Bc8 14. Bc5 Ne8 15. Nxc8 Rxd2 16. Nxe7+ Nxe7 17. Rxd2 Qc7 18. Be3 Nc6 19. Rfd1 Nf6 20. f4 Rd8 21. Rxd8+ Nxd8 22. e5 Nd5 23. Nxd5 exd5 24. Rxd5 Nc6 25. c3 Ne7 26. Rd2 g5 27. fxg5 Nf5 28. Bd4 Nxd4 29. cxd4 Qc1+ 30. Rd1 Qxb2 31. Bc4 b5 32. Bb3 a5 33. e6 fxe6 34. Bxe6+ Kf8 35. d5 Qe2 36. Rf1+ Ke7 37. h3 Kd6 38. Rf7 Qxa2 39. Rb7 b4 40. Rb6+ Ke5 41. Bg8 Qa1+ 42. Kh2 Qd4 43. Rf6 b3 44. d6 a4 45. Bxh7 a3 46. Rf3 a2 47. g6 a1Q 48. g7 Qag1+ 49. Kg3 Qe1+ 0-1

[Event "Buenos Aires Finde Largo op 2nd"]
[Site "Buenos Aires"]
[Date "2018.10.15"]
[Round "6.2"]
[White "Ocantos, Manuel"]
[Black "Mussanti, Diego"]
[Result "1/2-1/2"]
[WhiteElo "2204"]
[BlackElo "2325"]
[PlyCount "79"]
[EventDate "2018.10.13"]
[EventType "swiss"]
[EventRounds "6"]
[EventCountry "ARG"]
[SourceTitle "EXT 2024"]
[Source "ChessBase"]
[SourceDate "2023.10.10"]
[SourceVersion "1"]
[SourceVersionDate "2023.10.10"]
[SourceQuality "1"]

1. c4 e6 2. d4 d5 3. Nc3 Nf6 4. Bg5 Be7 5. e3 h6 6. Bh4 0-0 7. Nf3 b6 8. Rc1 Bb7 9. Be2 dxc4 10. Bxc4 Nbd7 11. 0-0 c5 12. Qe2 Ne4 13. Bxe7 Qxe7 14. Ba6 Ndf6 15. Bxb7 Qxb7 16. dxc5 Nxc5 17. b4 Nce4 18. Nxe4 Nxe4 19. Rc4 b5 20. Rc2 a5 21. bxa5 Rxa5 22. Nd2 Nd6 23. Rd1 Nf5 24. Nb3 Ra3 25. Nc5 Qa8 26. e4 Ne7 27. Rd7 Ra7 28. Rxa7 Qxa7 29. Qxb5 Rb8 30. Qf1 Nc6 31. a4 Nd4 32. Rc4 Ne2+ 33. Kh1 Qa5 34. Nd7 Rb2 35. Rc8+ Kh7 36. Nf8+ Kg8 37. Ng6+ Kh7 38. Nf8+ Kg8 39. Ng6+ Kh7 40. Nf8+ 1/2-1/2

[Event "Buenos Aires Finde Largo op 2nd"]
[Site "Buenos Aires"]
[Date "2018.10.14"]
[Round "3.3"]
[White "Leto, Enzo"]
[Black "Ocantos, Manuel"]
[Result "1/2-1/2"]
[WhiteElo "2229"]
[BlackElo "2204"]
[PlyCount "118"]
[EventDate "2018.10.13"]
[EventType "swiss"]
[EventRounds "6"]
[EventCountry "ARG"]
[SourceTitle "EXT 2024"]
[Source "ChessBase"]
[SourceDate "2023.10.10"]
[SourceVersion "1"]
[SourceVersionDate "2023.10.10"]
[SourceQuality "1"]

1. d4 Nf6 2. c4 g6 3. g3 Bg7 4. Bg2 0-0 5. Nf3 d6 6. 0-0 Nc6 7. Nc3 a6 8. b3 Rb8 9. d5 Na5 10. Bg5 c5 11. dxc6 Nxc6 12. Rc1 Bd7 13. Qd2 b5 14. cxb5 axb5 15. Nd4 Nxd4 16. Qxd4 h6 17. Bd2 Bf5 18. Qb4 Qd7 19. Nd5 Nxd5 20. Bxd5 Qa7 21. a4 bxa4 22. Qxa4 Qxa4 23. bxa4 Rb2 24. Be3 Rxe2 25. a5 e6 26. Bb7 Ra2 27. Bb6 Rb8 28. Rc7 Bf6 29. Rd7 e5 30. Rxd6 Be7 31. Bd5 Rxa5 32. Bxa5 Bxd6 33. Rd1 Rb1 34. Rxb1 Bxb1 35. Bc3 Kf8 36. Kg2 Ke7 37. g4 Kf8 38. h3 f6 39. Bd2 Kg7 40. Bc3 Bd3 41. f3 Bc5 42. Bd2 Bd4 43. Be6 f5 44. g5 hxg5 45. Bxg5 e4 46. fxe4 Bxe4+ 47. Kg3 Be5+ 48. Kf2 f4 49. Bg4 Bd4+ 50. Ke2 Be3 51. h4 Kf7 52. h5 gxh5 53. Bxh5+ Ke6 54. Bf3 Bf5 55. Bb7 Ke5 56. Bh6 Bd7 57. Kf3 Be8 58. Kg4 Bd7+ 59. Kf3 Ba4 1/2-1/2

[Event "ARG-chT"]
[Site "Villa Martelli"]
[Date "2018.09.01"]
[Round "9.2"]
[White "Ocantos, Manuel"]
[Black "Farias, Guillermo"]
[Result "1/2-1/2"]
[WhiteElo "2219"]
[BlackElo "1998"]
[PlyCount "86"]
[EventDate "2018.07.07"]
[EventType "team-swiss"]
[EventRounds "9"]
[EventCountry "ARG"]
[SourceTitle "CBM 187 Extra"]
[Source "ChessBase"]
[SourceDate "2018.11.04"]
[SourceVersion "1"]
[SourceVersionDate "2018.11.04"]
[SourceQuality "1"]
[WhiteTeam "Ajedrez Plus"]
[BlackTeam "Mar del Plata"]
[WhiteTeamCountry "ARG"]
[BlackTeamCountry "ARG"]

1. e4 c5 2. Nf3 d6 3. d4 cxd4 4. Nxd4 Nf6 5. Nc3 g6 6. Be3 Bg7 7. f3 Nc6 8. Qd2 0-0 9. Bc4 Bd7 10. 0-0-0 Rc8 11. Bb3 Ne5 12. Kb1 Nc4 13. Bxc4 Rxc4 14. g4 b5 15. Qd3 Qb8 16. g5 Nh5 17. Nce2 a5 18. Ng3 Nf4 19. Nc6 Rxc6 20. Bxf4 Rfc8 21. Ne2 b4 22. Nd4 Rc4 23. Be3 a4 24. Rc1 Be6 25. Nxe6 fxe6 26. Rhe1 Qb5 27. f4 b3 28. axb3 axb3 29. Qxb3 Qa5 30. c3 Rxe4 31. Bd2 Qf5 32. Rxe4 Qxe4+ 33. Qc2 Qc4 34. Re1 Kf7 35. Re4 Qf1+ 36. Be1 d5 37. Qe2 Qh3 38. Ra4 d4 39. cxd4 Qf5+ 40. Ka2 Qd5+ 41. Kb1 Qf5+ 42. Ka2 Qd5+ 43. Kb1 Qf5+ 1/2-1/2

[Event "Buenos Aires Vicente Lopez Cup 22nd"]
[Site "Buenos Aires"]
[Date "2018.08.24"]
[Round "9"]
[White "Ocantos, Manuel"]
[Black "Perez Candelas, Andres Eloy"]
[Result "1-0"]
[WhiteElo "2219"]
[BlackElo "2156"]
[PlyCount "39"]
[EventDate "2018.08.15"]
[EventType "tourn"]
[EventRounds "9"]
[EventCountry "ARG"]
[EventCategory "3"]
[SourceTitle "CBM 186 Extra"]
[Source "ChessBase"]
[SourceDate "2018.08.24"]
[SourceVersion "1"]
[SourceVersionDate "2018.08.24"]
[SourceQuality "1"]

1. d4 Nf6 2. Bg5 Ne4 3. Bf4 d5 4. e3 c5 5. Nf3 Bg4 6. Bb5+ Nc6 7. 0-0 Qb6 8. a4 e6 9. c4 cxd4 10. a5 Qd8 11. a6 Qb6 12. axb7 Qxb7 13. Ra6 Qxa6 14. Bxa6 Nc5 15. Bb5 Rc8 16. exd4 Bxf3 17. gxf3 Nb7 18. cxd5 exd5 19. Qa4 Nbd8 20. Rc1 1-0

[Event "Buenos Aires Vicente Lopez Cup 22nd"]
[Site "Buenos Aires"]
[Date "2018.08.22"]
[Round "7"]
[White "Ocantos, Manuel"]
[Black "Saldano Dayer, Horacio"]
[Result "0-1"]
[WhiteElo "2219"]
[BlackElo "2402"]
[PlyCount "78"]
[EventDate "2018.08.15"]
[EventType "tourn"]
[EventRounds "9"]
[EventCountry "ARG"]
[EventCategory "3"]
[SourceTitle "CBM 186 Extra"]
[Source "ChessBase"]
[SourceDate "2018.08.24"]
[SourceVersion "1"]
[SourceVersionDate "2018.08.24"]
[SourceQuality "1"]

1. e4 c5 2. Nf3 d6 3. Bb5+ Bd7 4. Bxd7+ Qxd7 5. 0-0 Nc6 6. c3 Nf6 7. Re1 e6 8. d4 cxd4 9. cxd4 d5 10. e5 Ng8 11. Nc3 Nge7 12. b4 Nxb4 13. Rb1 Nec6 14. Re2 Be7 15. Reb2 Rb8 16. Bg5 0-0 17. Bxe7 Qxe7 18. Nb5 f6 19. Nxa7 fxe5 20. dxe5 Qc5 21. Nxc6 Nxc6 22. Rb5 Qa7 23. h3 h6 24. Qb3 Rf7 25. Rb6 Rbf8 26. Rxb7 Rxb7 27. Qxb7 Rb8 28. Qxc6 Rxb1+ 29. Kh2 Qf7 30. Qc3 Qf4+ 31. g3 Qc1 32. Qxc1 Rxc1 33. g4 Rc2 34. Kg3 Rxa2 35. Nd4 Ra3+ 36. Kh4 Kf7 37. f3 Rd3 38. Nb5 Rxf3 39. Nd6+ Kg8 0-1